000
00448nam a2200133Ia 4500
008
151213s9999 xx 000 0 und d
245
_a
এশ্টাবলিসমেন্ট ম্যানুয়াল- ২
250
_a
১ম সং
260
_a
ঢাকা
_b
সংস্থাপন মন্ত্রণালয়।
_c
1996
300
_a
4362 p.
650
_a
Bangla
650
_a
ম্যাণুয়াল।
999
_c
2775
_d
2775